| 000 | 06294njm0a2200613 4500 | ||
|---|---|---|---|
| 001 | RU\NLR\ONIZ\296985 | ||
| 005 | 20250708193632.0 | ||
| 035 | _a(NLR Aleph) 016228789 | ||
| 071 | 0 | 0 | _aС60-12521-2 |
| 090 |
_a13284916 _c13284916 |
||
| 100 | _a20221202g19 |||y0rusy50 ca | ||
| 102 | _aRU | ||
| 126 |
_aabbxexu ux _bxxx |
||
| 127 | _a004800 | ||
| 200 | 1 |
_aЕвгений Мартынов поёт свои песни _bЗвукозапись |
|
| 203 |
_aМузыка _bисполнительская _cаудио |
||
| 210 |
_aМосква _cМелодия _d[19--] _gЗавод грампластинок _eЛенинград |
||
| 215 |
_a1 грп. [ГОСТ 5289-73] (48 мин) : 33 об/мин, стерео _d30 см, в конв |
||
| 327 | 1 |
_a1. У Есенина день рождения / [автор слов] : А. Дементьев ; _a2. Свадебный вальс / [автор слов] : Р. Рождественский ; _a3. Трава лебеда / [автор слов] : Н. Добронравов ; _a4. Прости / [автор слов] : А. Дементьев ; _a5. Ах, как хочется влюбиться / [авторы слов] : А. Дементьев и А. Пьянов ; _a6. На качелях / [автор слов] : О. Гаджикасимов ; _a7. Верую в тебя / [автор слов] : А. Вознесенский ; _a8. Скажи мне, вишня / [автор слов] : В. Харитонов ; _a9. Натали / [автор слов] : А. Дементьев |
|
| 464 | 0 |
_12001#$aУ Есенина день рождения$f[автор слов] : А. Дементьев _1702#1$9z01790$aДементьев$bА. Д.$gАндрей Дмитриевич$f1928-2018$4520$7ca _1790#1$9z01702$aDement`ev$bA.$gAndrej$cpoet$f1928-2018$4520$7ba _tУ Есенина день рождения |
|
| 464 | 0 |
_12001#$aСвадебный вальс$f[автор слов] : Р. Рождественский _1702#1$9z01790$aРождественский$bР. И.$gРоберт Иванович$cпоэт$f1932-1994$4520$7ca _1790#1$9z01702$aRoždestvenskij$bR.$gRobert$f1932-1994$4520$7ba _tСвадебный вальс |
|
| 464 | 0 |
_12001#$aТрава лебеда$f[автор слов] : Н. Добронравов _1702#1$9z01790$aДобронравов$bН. Н.$f1928-2023$gНиколай Николаевич$3RU\NLR\AUTH\770196854$4520 _1790#1$9z01702$aDobronravov$bN. N.$gNikolaj Nikolaevič$f1928$4520$7ba _tТрава лебеда |
|
| 464 | 0 |
_12001#$aПрости$f[автор слов] : А. Дементьев _1702#1$9z01790$aДементьев$bА. Д.$gАндрей Дмитриевич$f1928-2018$4520$7ca _1790#1$9z01702$aDement`ev$bA.$gAndrej$cpoet$f1928-2018$4520$7ba _tПрости |
|
| 464 | 0 |
_12001#$aАх, как хочется влюбиться$f[авторы слов] : А. Дементьев и А. Пьянов _1702#1$9z01790$aДементьев$bА. Д.$gАндрей Дмитриевич$f1928-2018$4520$7ca _1702#1$9z02790$aПьянов$bА. С.$gАлексей Степанович$cпоэт$f1934-2014$4520$7ca _1790#1$9z01702$aDement`ev$bA.$gAndrej$cpoet$f1928-2018$4520$7ba _1790#1$9z02702$aP`janov$bA.$gAleksej$cpoet$f1934-2014$4520$7ba _tАх, как хочется влюбиться |
|
| 464 | 0 |
_12001#$aНа качелях$f[автор слов] : О. Гаджикасимов _1702#1$9z01790$aГаджикасимов$bО. Ю. оглы$gОнегин Юсиф оглы$f1937-2002$4520$7ca _1790#1$9z01702$aГаджикасимов$bО.$gОлег$f1937-2002$4520$7ca _tНа качелях |
|
| 464 | 0 |
_12001#$aВерую в тебя$f[автор слов] : А. Вознесенский _1702#1$9z01790$aВознесенский$bА. А.$gАндрей Андреевич$cпоэт$f1933-2010$4520$7ca _1790#1$9z01702$aVoznesenskij$bA. A.$gAndrej Andreevič$f1933-2010$4520$7ba _tВерую в тебя |
|
| 464 | 0 |
_12001#$aСкажи мне, вишня$f[автор слов] : В. Харитонов _1702#1$9z01790$aХаритонов$bВ. Г.$gВладимир Гаврилович$cпоэт$f1920-1981$4520$7ca _1790#1$9z01702$aCharitonov$bV.$gVladimir$f1920-1981$4520$7ba _tСкажи мне, вишня |
|
| 464 | 0 |
_12001#$aНатали$f[автор слов] : А. Дементьев _1702#1$9z01790$aДементьев$bА. Д.$gАндрей Дмитриевич$f1928-2018$4520$7ca _1790#1$9z01702$aDement`ev$bA.$gAndrej$cpoet$f1928-2018$4520$7ba _tНатали |
|
| 606 | 1 |
_aПесни эстрадные советские российские _z20 век _jЗвукозапись _2nlr_sh |
|
| 606 | 1 |
_aПевцы эстрадные советские и российские _z20-21 вв. _jЗвукозапись _2nlr_sh |
|
| 606 | 1 |
_aАнсамбли джазовые советские _z20 век _jЗвукозапись _2nlr_sh |
|
| 606 | 1 |
_aДирижёры советские российские _z20 в. _jЗвукозапись _2nlr_sh |
|
| 606 | 1 |
_aОркестры эстрадные советские и российские _z20-21 вв. _jЗвукозапись _2nlr_sh |
|
| 686 | 0 | _aЩ943.4-041.5я44(2Р=Р) | |
| 686 | 0 | _aЩ943.4, 8(2) | |
| 700 | 1 |
_9z01790 _aМартынов _bЕ. Г. _cкомпозитор _f1948- _gЕвгений Григорьевич _4230 _7ca |
|
| 702 | 1 |
_9z02790 _aГаранян _bГ. А. _f1934-2010 _gГеоргий Арамович _4250 _7ca |
|
| 702 | 1 |
_9z03790 _aКримец _bК. Д. _cдирижёр _f1939-2008 _gКонстантин Дмитриевич _4250 _7ca |
|
| 712 | 0 | 2 |
_a"Мелодия", эстрадно-джазовый ансамбль _4570 _7ca |
| 712 | 0 | 2 |
_aЭстрадный оркестр под управлением К. Кримеца _4570 _7ca |
| 790 | 1 |
_9z01700 _aMartynov _bE. G. _gEygenij Grigorjevich _4230 _7ba |
|
| 790 | 1 |
_9z02702 _aGaranjan _bG. _f1934-2010 _gGeorgij _4250 _7ba |
|
| 790 | 1 |
_9z03702 _aKrimec _bK. _cconductor _f1939-2008 _gKonstantin _4250 _7ba |
|
| 801 | 0 |
_aRU _bNLR _c20221202 _gPSBO |
|
| 801 | 1 |
_aRU _bNLR _c20221202 _2rusmarc |
|
| 801 | 2 |
_aRU _bNLR _c20221203 |
|
| 852 |
_aNLR _bМг _j3/7731 _p36205 _t1 |
||
| 852 |
_aNLR _bМг _j3/7959 _p35748 _t2 |
||
| 852 |
_aNLR _bМг _j3/7959а _p35749 _t3 |
||
| 852 |
_aNLR _bМг _j3/7959б _p35750 _t4 |
||
| 942 | _cREC | ||
| 980 | _aNB | ||
| 980 | _aONIZ | ||